| 000 | 00852cam a2200265 a 4500 | ||
|---|---|---|---|
| 001 | 1702 | ||
| 003 | BD-RjUL | ||
| 005 | 20211208233407.0 | ||
| 008 | 150411r19761925ctu b 001 0 eng | ||
| 035 | _a(BD-RjUL)1729 | ||
| 040 |
_aDLC _cDLC _dDLC _dBD-RjUL _beng |
||
| 041 | _aeng | ||
| 082 | 0 | 0 |
_a294.5921 _219 _bKER |
| 100 | 1 |
_aKeith, Arthur Berriedale, _d1879-1944. _95639 |
|
| 245 | 1 | 4 |
_aThe religion and philosophy of the Veda and Upanishads / _cArthur Berriedale Keith. _nVol.31 |
| 260 |
_aDelhi : _bMOTILAL BANARSIDASS, _c1925 [Reprinted1976] |
||
| 300 |
_axviii, 312 p. ; _c27 cm. |
||
| 490 |
_aHarvard oriental series, _vv. 31 |
||
| 500 | _aReprint of the 1925 ed. | ||
| 504 | _aIncludes bibliographical references. | ||
| 650 | 0 |
_aHindu philosophy. _95119 |
|
| 651 | 0 |
_aIndia _xReligion. _95640 |
|
| 942 |
_2ddc _cBK |
||
| 999 |
_c1702 _d1702 |
||